Golf Digest [ the drill system for better golf with Jim McLean vol.8
| Format: | Book |
|---|---|
| Published: |
s.l. :
s.n. ,
20-
|
| Subjects: |
MARC
| LEADER | 00000cam a2200000 7i4500 | ||
|---|---|---|---|
| 001 | 0000197607 | ||
| 005 | 20150730.0 | ||
| 090 | 0 | 0 | |a 796.3523 |b GOL |
| 245 | 0 | 0 | |a Golf Digest [ |h digital video disc] : |b the drill system for better golf with Jim McLean vol.8 |
| 260 | |a s.l. : |b s.n. , |c 20- | ||
| 300 | |a 1 digital video disc (60 minutes) : |b col | ||
| 500 | |a Library has 1 copy | ||
| 521 | 0 | |a General viewing for all ages (U) | |
| 650 | 0 | 0 | |a Golf courses |x AV Collection |
| 999 | |a AV 36988 |b DIGITAL VIDEO DISC |c PINJAMAN |e PERPUSTAKAAN KOMUNITI PETALING JAYA | ||